000 01198nam a22003257a 4500
003 CHAP
005 20220329135529.0
008 971013s1986 r 00010 d
010 _a38104
011 _a39076
035 _a43196
040 _cCHAP
090 _aTesis
100 0 0 _aQuiroga Villarreal, Jesús Ramiro.
_993503
245 _aPrueba comparativa de 4 dósis de fertilizante nitrogenado (Urea) y 1 cepa específica de (Rhizobium phaseoli) en frijol (Phaseolus vulgariss, L.) en Marín, N. L.
260 _aMarín, N. L. :
_bEl autor,
_c1986
300 _a78 h.
_b: ilus.
502 _aTesis (Ing. Agr. Fitotecnista) -- Universidad Autónoma de Nuevo León. Facultad de Agronomía
590 _aALEPH
_b10
_c20130110
_lUCH01
_h1304
590 _aBATCH-UPD
_b10
_c20130110
_lUCH01
_h0111
590 _aBATCH-UPD
_b10
_c20130110
_lUCH01
_h2247
590 _aBATCH-UPD
_b10
_c20130409
_lUCH01
_h2103
590 _aBATCH-UPD
_b10
_c20130914
_lUCH01
_h1839
590 _aCONVERSION
_b10
_c20130109
_lUCH01
_h1321
650 1 4 _aNitrógeno
_xEfecto en frijol.
_981436
650 1 4 _aRhizobium phaseoli.
_997129
901 _aBK
942 _cTESIS
949 _bBC
_cTES
_d-99151
_eTS1
_h10092
_i43196
_si
999 _c38104
_d38104